Certified Knockouts of Goober Dash - Statistics

General Stats
  • This quiz has been taken 4 times
  • The average score is 21 of 44
Answer Stats
Knockout % Correct
The 1v1s
100%
Chicken Crossing Road
75%
Dont be Last
75%
Elim Triangle
75%
-Flappy Bird-
75%
Odd One Out!
75%
Stay In The Middle!
75%
Train EsCape
75%
All Aboard?
50%
Bouncy Box Run 2
50%
Box Run
50%
Double-Trouble
50%
Eliminating
50%
Falling Thunder
50%
Five Platforms
50%
Flappy Elim!
50%
Going Down
50%
Hellevator
50%
HipHopHooray
50%
Hop Gauntlet
50%
How Many Laps?
50%
Knockout Tower
50%
RazorBlade
50%
Rising Thunder
50%
Skullscraper
50%
This or That??
50%
TICK TOCK
50%
Watch the Saws
50%
Watch your Head!
50%
Block Dash!
25%
Cat Cage Rampage
25%
ConveyorBelt
25%
Crushers Elim
25%
Dash Off Elim
25%
Dashtrophobia
25%
Donkey Kong!
25%
Elim-Rising
25%
Final Fight of Vulture Bob
25%
Ice Climbers
25%
Jumping Elim
25%
Jump on Wall 2
25%
Rise
25%
Sand Storm
25%
Spike Survival
25%
No matching quizzes found
Score Distribution
Percent of People with Each Score
Percentile by Number Answered
Your Score History
You have not taken this quiz